Darts Spieler nach Bildern - #2 - Statistiken

Allgemein
  • Dieses Quiz wurde 158 mal gespielt
  • Das Durchschnittsergebnis liegt bei 13 aus 16
Antwortstatistiken
Bildquiz Antwort % Korrekt
Gabriel Clemens
99%
Luke Littler
98%
Michael Smith
98%
Peter Wright
98%
Phil Taylor
98%
Gary Anderson
97%
Martin Schindler
97%
Rob Cross
97%
Adrian Lewis
83%
Jose de Sousa
78%
Ross Smith
73%
Kim Huybrechts
71%
Rusty-Jake Rodriguez
68%
Darius Labanauskas
58%
Boris Krcmar
55%
Dennis Priestley
45%
Keine übereinstimmenden Quizze gefunden
Verteilung der Resultate
Anzahl Personen mit jedem Resultat
Perzentil nach korrekt beantworteten Fragen
Ihre Resultats-Entwicklung
Sie haben dieses Quiz noch nicht gespielt